000 00678nam a2200289Ia 4500
005 20260324124116.0
008 008 260324s9999 xx 000 0 eng d
020 _a9781315570457
037 _aEBOOK
040 _aCRL
040 _beng
040 _cCRL
041 _2eng
041 _aeng
084 _qCRL
100 _aLuk Van Langenhove
_91172874
245 0 _aBuilding Regions
245 4 _bThe Regionalization of the World Order
260 _bTaylor and Francis
260 _c2011
365 _a
365 _b240
856 _uhttp://www.taylorfrancis.com/books/9781315570457
942 _cEBOOK
999 _c1766998
_d1766998